000 00950nam a22002777a 4500
999 _c736
_d736
003 AR-CdUCM
008 190225b ||||| |||| 00| 0 spa d
040 _aMUNICIPALIDAD PROVINCIAL DEL CUSCO
_cBIBLIOTECA MUNICIPAL DEL CUSCO
041 _heng.
082 _22ed.
_a803.08 /
_bSE36
245 _aGrandes novelistas :
_bSeis grandes novelistas norteamericanos /
260 _aBuenos Aires :
_bEmecé editores, S.A, Berkley publishing corporation,
_c1972.
300 _a338 páginas ;
_c18 cm.
505 _aBartleby el escritor -- Un episodio internacional -- El hotel azul ...
650 _aNovela.
_95
650 _aNorte américa.
_92819
650 _aArgentina.
_9511
700 _aMelville, Hernan
_92820
700 _aJames, Henry
_91127
700 _aGrane, Stephen
_92821
700 _aWarton, Edith
_92822
700 _aAnderson, Sherwood
_92823
700 _aStyron, William
_92824
942 _2ddc
_cLIBROS
945 _amvr
_d2019-02-25